All UEFA Youth League Participants Ever - Statistics

General Stats
  • This quiz has been taken 30 times
  • The average score is 62 of 176
Answer Stats
Country Club Participations % Correct
England Chelsea FC 7
88%
Italy Internazionale 4
88%
England Manchester City 8
88%
The Netherlands AFC Ajax 8
83%
Scotland Celtic FC 4
83%
Spain FC Barcelona 8
83%
Italy Juventus FC 8
83%
England Manchester United 5
83%
France Paris Saint-Germain 8
83%
Spain Real Madrid 8
83%
Portugal SL Benfica 8
83%
England Tottenham Hotspur 4
83%
Italy AC Milan 2
79%
Italy AS Roma 5
79%
Portugal FC Porto 8
79%
England Liverpool FC 5
79%
Italy SSC Napoli 5
79%
England Arsenal FC 4
75%
Spain Atlético de Madrid 8
75%
Germany Borussia Dortmund 7
75%
Germany FC Bayern Münich 8
75%
Scotland Glasgow Rangers 2
75%
France Olympique Marseille 1
75%
The Netherlands PSV Eindhoven 3
75%
Denmark FC Copenhagen 2
71%
Turkey Galatasaray SK 5
71%
Austria Red Bull Salzburg 5
71%
Turkey Besiktas JK 4
67%
Switzerland FC Basel 5
67%
Germany FC Schalke 04 4
67%
Croatia GNK Dinamo Zagreb 4
67%
Belgium KRC Genk 2
67%
France LOSC Lille 2
67%
Sweden Malmö FF 3
67%
Greece Olympiacos Piraeus 5
67%
France Olympique Lyon 4
67%
Spain Valencia CF 3
67%
Greece AEK Athens 1
63%
Cyprus APOEL Nicosia 6
63%
France AS Monaco 4
63%
Switzerland BSC Young Boys 3
63%
Belgium Club Brugge 4
63%
the Netherlands Feyenoord 1
63%
Czech Republic SK Slavia Prague 1
63%
Czech Republic AC Sparta Prague 3
58%
Spain Athletic Bilbao 1
58%
Russia CSKA Moscow 6
58%
Romania FCSB 1
58%
Austria FK Austria Vienna 1
58%
Croatia HNK Hajduk Split 1
58%
Israel Maccabi Tel Aviv 2
58%
Greece PAOK Thessaloniki 4
58%
Azerbaijan Qarabag Agdam 1
58%
Belgium RSC Anderlecht 6
58%
Spain Sevilla FC 4
58%
Moldova Sheriff Tiraspol 4
58%
Russia Zenit St. Petersburg 5
58%
Italy Atalanta BC 2
54%
Germany Bayer 04 Leverkusen 5
54%
Germany Borussia Mönchengladbach 2
54%
Belgium KAA Gent 1
54%
Poland Legia Warsaw 3
54%
Serbia Red Star Belgrade 3
54%
Ukraine Shakhtar Donetsk 7
54%
Kazakhstan FC Astana 3
50%
Russia Spartak Moscow 2
50%
Germany VfL Wolfsburg 2
50%
The netherlands AZ Alkmaar 1
46%
England Leicester City 1
46%
Israel Maccabi Haifa 3
46%
Norway Molde FK 2
46%
Germany RasenBallsport Leipzig 3
46%
Spain Real Sociedad 1
46%
Spain Villarreal CF 2
46%
Belarus BATE Borisov 2
42%
Ukraine Dynamo Kyiv 6
42%
Switzerland FC Zürich 1
42%
Bosnia & Herzegovina FK Zeljeznicar Sarajevo 2
42%
Finland HJK Helsinki 3
42%
Russia Lokomotiv Moscow 2
42%
Norway Rosenborg BK 2
42%
Slovakia Slovan Bratislava 1
42%
Italy Torino FC 1
42%
Czech Republic FC Viktoria Plzen 2
38%
Germany 1.FC Köln 1
33%
France FC Girondins Bordeaux 1
33%
Poland Lech Poznan 1
33%
Bulgaria Levski Sofia 1
33%
Italy Sporting CP 4
33%
Turkey Trabzonspor 1
33%
Germany TSG 1899 Hoffenheim 1
33%
France HSC Montpellier 1
29%
Kazakhstan Kairat Almaty 3
29%
Iceland KR Reykjavík 1
29%
Slovenia NK Maribor 3
29%
Ireland Bohemian FC 2
25%
Spain Deportivo de La Coruña 1
25%
Russia Dynamo Moscow 1
25%
Belarus FK Minsk 4
25%
Germany Hertha BSC 1
25%
Spain Málaga CF 1
25%
Sweden AIK Solna 1
21%
Georgia Dinamo Tbilisi 1
21%
Romania FC Dinamo Bucharest 1
21%
Denmark FC Midtjylland 5
21%
Russia FK Krasnodar 1
21%
Bulgaria PFC Ludogorets Razgrad 4
21%
Estonia Levadia Tallinn 1
17%
Cyprus AEL Limassol 1
13%
Iceland Breidablik Kópavogur 2
13%
England Derby County 1
13%
Moldova FC Zimbru Chisinau 2
13%
Azerbaijan FK Gabala 4
13%
Russia FK Rostov 1
13%
Lithuania FK Zalgiris Vilnius 1
13%
Spain Real Zaragoza 1
13%
France Stade Rennais FC 1
13%
Russia Anzhi Makhachkala 1
8%
Hungary Budapest Honvéd FC 1
8%
Turkey Bursaspor 1
8%
Ireland Cork City FC 1
8%
Italy FC Empoli 1
8%
Bosnia & Herzegovina HSK Zrinjski Mostar 2
8%
Sweden IF Elfsborg 3
8%
Slovakia MSK Zilina 2
8%
Poland Pogon Szczecin 1
8%
Hungary Puskás Akadémia FC 2
8%
France SCO Angers 1
8%
North Macedonia Vardar Skopje 1
8%
Sweden Hammarby IF 2
4%
Poland Korona Kielce 1
4%
Croatia NK Lokomotiva Zagreb 1
4%
Switzerland Servette FC 1
4%
North Macedonia Shkendija Tetovo 3
4%
Albania Shkëndija Tiranë 1
4%
Norway SK Brann 1
4%
Czech Republic SK Sigma Olomouc 1
4%
Ireland University College Dublin AFC 1
4%
Czech Republic 1.FK Pribram 1
0%
Romania AFK Csikszereda Miercurea Ciuc 1
0%
Albania Akademia e Futbollit 1
0%
Turkey Altinordu FK 2
0%
Latvia BFC Daugavpils 1
0%
Sweden Esbjerg fB 1
0%
Luxembourg F91 Dudelange 1
0%
Austria FC Admira Wacker Mödling 1
0%
Finland FC Honka 1
0%
Slovakia FC Nitra 2
0%
Georgia FC Saburtalo 2
0%
Belarus FC Shakhtyor Soligorsk 2
0%
Romania FC Viitorul 4
0%
Kazakhstan FK Aktobe 1
0%
Serbia FK Brodarac Belgrad 2
0%
Serbia FK Cukaricki 1
0%
Latvia FK Liepaja 2
0%
Serbia FK Rad Belgrad 1
0%
Slovakia FK Senica 1
0%
Montenegro FK Sutjeska Niksic 1
0%
Bosnia & Herzegovina FK Zvijezda 09 1
0%
Scotland Hamilton Academical FC 1
0%
Iceland ÍA Akranes 1
0%
Hungary Illés Akadémia 1
0%
Finland Käpylän Pallo 1
0%
Albania KF Vllaznia 2
0%
Israel Maccabi Petah Tikva 1
0%
England Middlesbrough FC 1
0%
Hungary MTK Budapest 2
0%
Slovenia NK Domzale 4
0%
Montenegro OFK Titograd 1
0%
Bulgaria PFC Litex Lovech 1
0%
Azerbaijan Ravan Baku 1
0%
Bulgaria Septemvri Sofia 2
0%
Norway Sogndal IL 1
0%
France Stade Reims 1
0%
Iceland Stjarnan FC 1
0%
Ireland St. Patricks Athletic 1
0%
No matching quizzes found
Score Distribution
Percent of People with Each Score
Percentile by Number Answered
Your Score History
You have not taken this quiz